[Event "4NCL Division Four"]
[Site "Daventry, ENG"]
[Date "2023.03.25"]
[Round "7.25"]
[White "Gaseltine, Arthur"]
[Black "Smith, Richard"]
[Result "0-1"]
[WhiteElo "1451"]
[BlackElo "1913"]
[PlyCount "54"]
[EventDate "2023.03.25"]
[WhiteTeam "Guildford Young Guns"]
[BlackTeam "Poole Patzers"]

1. e4 e5 2. Nf3 Nc6 3. Bc4 Nf6 4. d3 Bc5 5. c3 d6 6. h3 Ne7 7. b4 Bb6 8. Bg5
Ng6 9. a4 a5 10. b5 c6 11. Qb3 O-O 12. Bxf6 gxf6 13. bxc6 bxc6 14. O-O Rb8 15.
Qc2 d5 16. exd5 cxd5 17. Bb5 f5 18. d4 e4 19. Nh2 Qg5 20. Nd2 Nf4 21. g3 Bc7
22. h4 Qg7 23. Kh1 Nh3 24. Kg2 f4 25. Rh1 Nxf2 26. Kxf2 Qxg3+ 27. Ke2 Qg2+ 0-1

[Event "4NCL Division Four"]
[Site "Daventry, ENG"]
[Date "2023.03.25"]
[Round "7.26"]
[White "Clancy, Martin J"]
[Black "Jennis, Alistair"]
[Result "1/2-1/2"]
[WhiteElo "1824"]
[BlackElo "1150"]
[PlyCount "65"]
[EventDate "2023.03.25"]
[WhiteTeam "Poole Patzers"]
[BlackTeam "Guildford Young Guns"]

1. e4 e6 2. d4 d5 3. Nd2 Nf6 4. e5 Nfd7 5. c3 c5 6. Bd3 Nc6 7. Ndf3 Be7 8. Ne2
O-O 9. O-O a6 10. Nf4 b5 11. Be3 c4 12. Bc2 b4 13. h3 Nb6 14. Nh2 a5 15. Qh5 g6
16. Qf3 Ba6 17. Ng4 b3 18. Bb1 a4 19. a3 Bg5 20. Ne2 Be7 21. Bh6 Re8 22. Nf6+
Bxf6 23. exf6 e5 24. Bg7 exd4 25. Bf5 Ne5 26. Qg3 dxc3 27. bxc3 Nd3 28. Nd4 Qb8
29. Qxb8 Raxb8 30. Bxd3 cxd3 31. Nc6 Rbc8 32. Rfe1 h5 33. Ne7+ 1/2-1/2

[Event "4NCL Division Four"]
[Site "Daventry, ENG"]
[Date "2023.03.25"]
[Round "7.31"]
[White "Robson, Ian A"]
[Black "Gill, Oliver"]
[Result "1-0"]
[WhiteElo "2214"]
[BlackElo "2110"]
[PlyCount "165"]
[EventDate "2023.03.25"]
[WhiteTeam "Wotton Hall"]
[BlackTeam "Wessex Some Stars A"]

1. e4 e5 2. Nf3 Nf6 3. Nxe5 d6 4. Nf3 Nxe4 5. d4 d5 6. Bd3 Bd6 7. O-O O-O 8.
Re1 Bf5 9. c4 c6 10. Nc3 Nxc3 11. bxc3 Bxd3 12. Qxd3 dxc4 13. Qxc4 Nd7 14. Rb1
Qc7 15. Qb3 b6 16. Rb2 Rae8 17. Rbe2 Rxe2 18. Rxe2 Qc8 19. Qa4 a6 20. Ba3 b5
21. Qb3 Qc7 22. g3 c5 23. c4 b4 24. dxc5 Qxc5 25. Bb2 Rc8 26. Rd2 Nf8 27. Rd5
Qc7 28. Nd2 Ne6 29. Qd3 Bf8 30. Rd7 Qc6 31. Ra7 Rd8 32. Qf3 Qxf3 33. Nxf3 Rd6
34. Kf1 Nc5 35. Bd4 Ne6 36. Be3 f6 37. Ke2 Rc6 38. Kd3 Bd6 39. Nd4 Nc5+ 40. Ke2
Rc8 41. Nb3 h5 42. Bxc5 Bxc5 43. Rxa6 Re8+ 44. Kf1 Rc8 45. Ra4 Be7 46. c5 Bxc5
47. Nxc5 Rxc5 48. Rxb4 Rc2 49. Ra4 Kf7 50. Ra8 Ke6 51. a4 Ra2 52. a5 Kf5 53. a6
Kg5 54. a7 Kf5 55. h3 Kg5 56. Ke1 Kf5 57. Kd1 Kg5 58. Kc1 Kf5 59. Kb1 Ra6 60.
Kc2 Ra1 61. Kb2 Ra6 62. Kc3 Ra1 63. Kd4 Kg6 64. Kc5 Kf7 65. Kd5 Ra5+ 66. Kc6
Ra1 67. Kd5 Ra5+ 68. Ke4 Ra4+ 69. Kf3 Ra3+ 70. Kg2 Ra2 71. Rh8 Rxa7 72. Rxh5
Ra2 73. Rb5 g5 74. h4 gxh4 75. gxh4 Kg6 76. Kg3 Ra3+ 77. Kg4 Ra1 78. h5+ Kh6
79. f4 Rh1 80. Rb8 Kg7 81. Rb7+ Kg8 82. Kf5 Rxh5+ 83. Kg6 1-0

[Event "4NCL Division Four"]
[Site "Daventry, ENG"]
[Date "2023.03.25"]
[Round "7.32"]
[White "Wilson, Jaimie"]
[Black "Ashworth, Michael"]
[Result "1-0"]
[WhiteElo "2092"]
[BlackElo "2131"]
[PlyCount "63"]
[EventDate "2023.03.25"]
[WhiteTeam "Wessex Some Stars A"]
[BlackTeam "Wotton Hall"]

1. e4 c5 2. Nf3 g6 3. c3 Bg7 4. d4 cxd4 5. cxd4 d5 6. e5 Bg4 7. Nc3 Nc6 8. Be2
Nh6 9. O-O Nf5 10. Be3 O-O 11. h3 Bxf3 12. Bxf3 e6 13. Bg4 Nxe3 14. fxe3 Qg5
15. Qe2 Na5 16. e4 Nc4 17. exd5 Qe3+ 18. Rf2 exd5 19. Nxd5 Qxe2 20. Bxe2 Nb6
21. Nxb6 axb6 22. Bc4 Rad8 23. Raf1 Rxd4 24. Bxf7+ Kh8 25. e6 Re4 26. Rd2 Bh6
27. Rdd1 Be3+ 28. Kh1 Bc5 29. a3 Ra8 30. Rd7 Raa4 31. b4 Bf8 32. Bxg6 1-0

[Event "4NCL Division Four"]
[Site "Daventry, ENG"]
[Date "2023.03.25"]
[Round "7.33"]
[White "Ashworth, Robert"]
[Black "Lukosius, Rolandas"]
[Result "1/2-1/2"]
[WhiteElo "1912"]
[BlackElo "2039"]
[PlyCount "93"]
[EventDate "2023.03.25"]
[WhiteTeam "Wotton Hall"]
[BlackTeam "Wessex Some Stars A"]

1. e4 c5 2. Nf3 Nc6 3. Bb5 g6 4. O-O Bg7 5. c3 e5 6. Bxc6 dxc6 7. d3 Qe7 8.
Nbd2 Nf6 9. Re1 O-O 10. Nc4 Nd7 11. Qe2 Re8 12. Bg5 f6 13. Bh4 Nf8 14. Qe3 Ne6
15. Bg3 b5 16. Na3 Bb7 17. Nc2 Rad8 18. Rad1 a6 19. d4 cxd4 20. cxd4 exd4 21.
Nfxd4 Nxd4 22. Nxd4 c5 23. Nb3 Rxd1 24. Rxd1 c4 25. Nc5 Rd8 26. Rd4 Bc6 27. Qd2
Rxd4 28. Qxd4 Bf8 29. Nxa6 Qxe4 30. Qxe4 Bxe4 31. f3 Bb7 32. Nc7 b4 33. Nb5 Ba6
34. Nc7 Bb7 35. Nb5 Bc6 36. Nd4 Bd5 37. Kf1 c3 38. bxc3 bxc3 39. Be1 Bc4+ 40.
Kf2 Bb4 41. a3 Ba5 42. Ke3 Kf7 43. Nc2 Bb6+ 44. Ke4 f5+ 45. Ke5 Bf1 46. g3 Bd8
47. Kd4 1/2-1/2

[Event "4NCL Division Four"]
[Site "Daventry, ENG"]
[Date "2023.03.25"]
[Round "7.34"]
[White "Westrap, Christian F"]
[Black "Moldovan, Alexandru-Mitic"]
[Result "1-0"]
[WhiteElo "1982"]
[BlackElo "1804"]
[PlyCount "67"]
[EventDate "2023.03.25"]
[WhiteTeam "Wessex Some Stars A"]
[BlackTeam "Wotton Hall"]

1. d4 e5 2. dxe5 Nc6 3. Nf3 Qe7 4. Bf4 Qb4+ 5. Bd2 Qxb2 6. Nc3 Bb4 7. Rb1 Qa3
8. Rb3 Qa5 9. a3 Bxa3 10. Rb5 Qa6 11. e4 Be7 12. Rb3 Qa5 13. Nd5 Qa4 14. Nxc7+
Kd8 15. Nxa8 Qxe4+ 16. Be2 Nb4 17. O-O b6 18. Ng5 Bxg5 19. Bxg5+ f6 20. exf6
gxf6 21. Bf3 Qxc2 22. Qd6 Qc5 23. Bxf6+ Ke8 24. Re1+ Kf7 25. Qxc5 bxc5 26. Bxh8
Nf6 27. Nc7 a5 28. Bxf6 Kxf6 29. Nd5+ Kg5 30. Nxb4 axb4 31. Rc1 d6 32. Rd1 Ba6
33. Rxd6 Bc4 34. Bd5 1-0

[Event "4NCL Division Four"]
[Site "Daventry, ENG"]
[Date "2023.03.25"]
[Round "7.35"]
[White "Maclannan, Richard"]
[Black "Pleasants, Allan J"]
[Result "1/2-1/2"]
[WhiteElo "1805"]
[BlackElo "1973"]
[PlyCount "73"]
[EventDate "2023.03.25"]
[WhiteTeam "Wotton Hall"]
[BlackTeam "Wessex Some Stars A"]

1. f4 g6 2. e4 Bg7 3. d4 d6 4. Nc3 Nf6 5. h3 O-O 6. Nf3 c5 7. Be3 cxd4 8. Nxd4
Nc6 9. Be2 Bd7 10. O-O a6 11. a4 Rc8 12. g4 Nxd4 13. Bxd4 Bc6 14. Bf3 b5 15. g5
Ne8 16. a5 Qc7 17. Rf2 Qb7 18. Qd3 e5 19. fxe5 Bxe5 20. Bg4 Rb8 21. b4 Qe7 22.
h4 Nc7 23. Raf1 Rbe8 24. Re2 Ne6 25. Bxe5 dxe5 26. Nd5 Bxd5 27. exd5 Qxb4 28.
Re4 Qc5+ 29. Qe3 Qxd5 30. Rxe5 Qc4 31. Re4 Qc5 32. Re1 Qxe3+ 33. R1xe3 Nc7 34.
Rxe8 Rxe8 35. Rxe8+ Nxe8 36. Bc8 Nc7 37. Kf2 1/2-1/2

[Event "4NCL Division Four"]
[Site "Daventry, ENG"]
[Date "2023.03.25"]
[Round "7.36"]
[White "Clark, Ian C"]
[Black "Blencowe, Ian P"]
[Result "1-0"]
[WhiteElo "1952"]
[BlackElo "1606"]
[PlyCount "85"]
[EventDate "2023.03.25"]
[WhiteTeam "Wessex Some Stars A"]
[BlackTeam "Wotton Hall"]

1. e4 e6 2. d4 d5 3. Nc3 dxe4 4. Nxe4 Nd7 5. Nf3 Ngf6 6. Bd3 Nxe4 7. Bxe4 Nf6
8. Bd3 b6 9. O-O Bb7 10. c3 Be7 11. Bb5+ c6 12. Ba4 O-O 13. Qe2 Qc7 14. Bc2
Rfd8 15. Bg5 g6 16. Rfe1 Nh5 17. Bxe7 Qxe7 18. Qe3 Qf6 19. Be4 Qf4 20. Ne5 Qxe3
21. fxe3 Rac8 22. Rf1 f6 23. Nf3 Ba6 24. Rf2 Ng7 25. Bc2 Rc7 26. Nd2 f5 27. Nf3
c5 28. Ne5 Ne8 29. Bb3 c4 30. Bc2 Nd6 31. h3 Nf7 32. Nxf7 Rxf7 33. Raf1 Rdf8
34. e4 fxe4 35. Bxe4 Rxf2 36. Rxf2 Rxf2 37. Kxf2 Kf8 38. Ke3 Bc8 39. Kf4 Bd7
40. Ke5 Ke7 41. g4 Ba4 42. Bb7 Bd1 43. Bc8 1-0

[Event "4NCL Division Four"]
[Site "Daventry, ENG"]
[Date "2023.03.25"]
[Round "7.41"]
[White "Davis, Lee"]
[Black "Duessler, Stefanie"]
[Result "1/2-1/2"]
[WhiteElo "2053"]
[BlackElo "2087"]
[PlyCount "63"]
[EventDate "2023.03.25"]
[WhiteTeam "The Full Ponty"]
[BlackTeam "Celtic Tigers 2"]

1. Nf3 Nf6 2. d4 g6 3. g3 Bg7 4. Bg2 O-O 5. O-O d6 6. c4 Nc6 7. Nc3 a6 8. e4
Bg4 9. Be3 Nd7 10. Qd2 Na5 11. b3 c5 12. Ne1 b5 13. f3 cxd4 14. Bxd4 Bxd4+ 15.
Qxd4 Be6 16. cxb5 axb5 17. Nd3 Nc6 18. Qf2 Qa5 19. Nd5 Bxd5 20. exd5 Nb4 21.
Nxb4 Qxb4 22. Rfe1 Rfe8 23. Bf1 Nf6 24. Red1 Rec8 25. Qd4 Qc5 26. b4 Qxd4+ 27.
Rxd4 Rab8 28. a3 Kf8 29. Kf2 Ke8 30. Rd2 Kd7 31. Bh3+ Kd8 32. Ke3 1/2-1/2

[Event "4NCL Division Four"]
[Site "Daventry, ENG"]
[Date "2023.03.25"]
[Round "7.42"]
[White "Sturt, Charles A"]
[Black "Fletcher, John"]
[Result "0-1"]
[WhiteElo "1614"]
[BlackElo "2014"]
[PlyCount "95"]
[EventDate "2023.03.25"]
[WhiteTeam "Celtic Tigers 2"]
[BlackTeam "The Full Ponty"]

1. d4 Nf6 2. c4 e6 3. Nc3 d5 4. cxd5 exd5 5. Bg5 Be7 6. e3 h6 7. Bf4 O-O 8. Qc2
c6 9. Rb1 Ne4 10. Bd3 f5 11. b4 a5 12. bxa5 Qxa5 13. Bxe4 fxe4 14. Nge2 Nd7 15.
O-O b5 16. Nxe4 Qxa2 17. Rb2 Qa4 18. Qxc6 dxe4 19. Qe6+ Rf7 20. Qxe4 b4 21. Qg6
Nf8 22. Qg3 Ra6 23. d5 Rg6 24. Qf3 b3 25. Nc3 Qc4 26. e4 Bg4 27. Qe3 Bc5 28.
Qd2 Ba3 29. Bg3 Bxb2 30. Qxb2 Rb6 31. f3 Bc8 32. Rc1 Ba6 33. d6 Rc6 34. e5 Ne6
35. Qd2 Qd3 36. Qb2 Nd4 37. Kh1 Nc2 38. e6 Qxc3 39. Qxc3 Rxc3 40. exf7+ Kxf7
41. h4 Ke6 42. Rb1 Bc4 43. Kh2 Rd3 44. Bf4 Kd7 45. Be5 g6 46. Bf4 h5 47. Kg3
Nd4 48. Rc1 0-1

[Event "4NCL Division Four"]
[Site "Daventry, ENG"]
[Date "2023.03.25"]
[Round "7.43"]
[White "Adams, Mark"]
[Black "White, John"]
[Result "1-0"]
[WhiteElo "2010"]
[BlackElo "1553"]
[PlyCount "111"]
[EventDate "2023.03.25"]
[WhiteTeam "The Full Ponty"]
[BlackTeam "Celtic Tigers 2"]

1. e4 c5 2. Nf3 d6 3. d4 cxd4 4. Nxd4 Nf6 5. f3 a6 6. c4 e6 7. Nc3 Qc7 8. Be3
Be7 9. Qd2 Nbd7 10. Be2 b6 11. O-O Bb7 12. Rac1 Rc8 13. Rfd1 O-O 14. Bf1 Rfe8
15. b3 Ne5 16. Qf2 Kh8 17. Nde2 Nfd7 18. Kh1 Rb8 19. Na4 Bc6 20. Nec3 Bxa4 21.
Nxa4 Nc5 22. Nc3 Ncd7 23. Be2 Rf8 24. Qe1 Nf6 25. Qd2 Rfd8 26. g4 Qc6 27. g5
Nfd7 28. f4 Ng6 29. Qe1 Re8 30. Qg3 Nc5 31. Bf3 Qc7 32. h4 Nd7 33. Kg2 Bf8 34.
h5 Ne7 35. Qf2 Kg8 36. Qd2 Nc6 37. Ne2 Rbd8 38. b4 a5 39. a3 Qb8 40. e5 Ndxe5
41. fxe5 dxe5 42. Qb2 Rxd1 43. Rxd1 e4 44. Bxe4 Ne5 45. Qb3 Rc8 46. Bf4 f6 47.
gxf6 gxf6 48. c5 Re8 49. c6 Qc8 50. Qg3+ Kh8 51. Bxe5 fxe5 52. Rd7 Re7 53.
Qxe5+ Bg7 54. Qd6 Qg8 55. Ng3 Rxd7 56. Qxd7 1-0

[Event "4NCL Division Four"]
[Site "Daventry, ENG"]
[Date "2023.03.25"]
[Round "7.44"]
[White "Perchard, Matthew"]
[Black "Perrett, David C"]
[Result "0-1"]
[WhiteElo "1493"]
[BlackElo "1946"]
[PlyCount "98"]
[EventDate "2023.03.25"]
[WhiteTeam "Celtic Tigers 2"]
[BlackTeam "The Full Ponty"]

1. e4 Nf6 2. e5 Nd5 3. d4 d6 4. c4 Nb6 5. exd6 cxd6 6. Nc3 g6 7. Be3 Bg7 8. Bd3
O-O 9. Nge2 Nc6 10. b3 d5 11. c5 Nd7 12. O-O e5 13. Bb5 Nf6 14. Bxc6 bxc6 15.
dxe5 Ng4 16. Bd4 Qh4 17. h3 Nxe5 18. Ng3 Bxh3 19. gxh3 Qxd4 20. Rc1 Qf4 21.
Nce2 Nf3+ 22. Kg2 Nh4+ 23. Kh2 Qf3 24. Rg1 Qxf2+ 25. Kh1 Qf3+ 26. Kh2 Rae8 27.
Qd2 Qxe2+ 28. Nxe2 Nf3+ 29. Kg2 Nxd2 30. Ng3 Ne4 31. Rc2 Nxg3 32. Kxg3 Re3+ 33.
Kg2 Rfe8 34. b4 Re2+ 35. Rxe2 Rxe2+ 36. Kf3 Rxa2 37. b5 Rc2 38. bxc6 Rxc5 39.
Rd1 Rxc6 40. Rxd5 Rc3+ 41. Kg2 Ra3 42. Rd8+ Bf8 43. Ra8 Kg7 44. h4 h5 45. Rc8
Ra4 46. Kh3 Be7 47. Rc7 Bf6 48. Kg2 Bxh4 49. Kf3 Bf6 0-1

[Event "4NCL Division Four"]
[Site "Daventry, ENG"]
[Date "2023.03.25"]
[Round "7.45"]
[White "Hughes, Anthony"]
[Black "Rose, Peter"]
[Result "1-0"]
[WhiteElo "1951"]
[BlackElo "1480"]
[PlyCount "37"]
[EventDate "2023.03.25"]
[WhiteTeam "The Full Ponty"]
[BlackTeam "Celtic Tigers 2"]

1. c4 c6 2. e4 d5 3. exd5 cxd5 4. d4 dxc4 5. Bxc4 Nf6 6. Nc3 g6 7. Qb3 e6 8.
Nf3 Bd6 9. O-O O-O 10. Bg5 Nc6 11. Rad1 Na5 12. Qa4 Nxc4 13. Qxc4 a6 14. d5 e5
15. Qh4 Be7 16. d6 Bxd6 17. Bxf6 Qb6 18. Qh6 Bb4 19. Qg7# 1-0

[Event "4NCL Division Four"]
[Site "Daventry, ENG"]
[Date "2023.03.25"]
[Round "7.46"]
[White "Rigby, Charles"]
[Black "Davies, Peter"]
[Result "0-1"]
[WhiteElo "1489"]
[BlackElo "1898"]
[PlyCount "56"]
[EventDate "2023.03.25"]
[WhiteTeam "Celtic Tigers 2"]
[BlackTeam "The Full Ponty"]

1. d4 Nf6 2. Bf4 c5 3. d5 d6 4. Nc3 g6 5. e4 Bg7 6. Be2 a6 7. a4 Qa5 8. Bd2 Qc7
9. Nf3 e5 10. O-O O-O 11. h3 Nbd7 12. Bd3 c4 13. Be2 Nc5 14. Bxc4 Ncxe4 15. Qe2
Nxd2 16. Nxd2 Nh5 17. Bb3 f5 18. Qc4 Qe7 19. Ne2 f4 20. Ne4 f3 21. N2g3 fxg2
22. Rfe1 Nf4 23. Ne2 Bxh3 24. Rad1 Bg4 25. Rd2 Qh4 26. N2g3 Bf3 27. a5 Qh1+ 28.
Nxh1 gxh1=Q# 0-1

[Event "4NCL Division Four"]
[Site "Daventry, ENG"]
[Date "2023.03.25"]
[Round "7.51"]
[White "Sparkes, Daniel A"]
[Black "Onley, David E"]
[Result "0-1"]
[WhiteElo "1953"]
[BlackElo "2160"]
[PlyCount "92"]
[EventDate "2023.03.25"]
[WhiteTeam "CSC/Kingston 2"]
[BlackTeam "War and Piece A"]

1. e4 c5 2. Nc3 Nc6 3. Bb5 Nd4 4. Bc4 g6 5. Nge2 Bg7 6. O-O d6 7. d3 e6 8. Nxd4
cxd4 9. Ne2 Ne7 10. Bg5 h6 11. Bb5+ Bd7 12. Bxe7 Qxe7 13. Bxd7+ Qxd7 14. c3
dxc3 15. bxc3 O-O 16. Rb1 d5 17. exd5 Qxd5 18. d4 Qxa2 19. Rxb7 a5 20. Qd3 Qd5
21. Rfb1 Rfc8 22. R7b5 Qd8 23. g3 a4 24. Nc1 e5 25. d5 e4 26. Qxe4 Bxc3 27. Na2
Bg7 28. Rd1 Qd6 29. Qb4 Qxb4 30. Nxb4 a3 31. Rd2 Bc3 32. Ra2 Rab8 33. Rxb8 Rxb8
34. Nc6 Rb1+ 35. Kg2 Ra1 36. Rxa1 Bxa1 37. Nb4 Kf8 38. Kf3 Bc3 39. Na2 Bb2 40.
Ke4 Ke7 41. g4 Kd6 42. f4 f5+ 43. gxf5 gxf5+ 44. Kxf5 Kxd5 45. Kg6 Kc4 46. f5
Kb3 0-1

[Event "4NCL Division Four"]
[Site "Daventry, ENG"]
[Date "2023.03.25"]
[Round "7.52"]
[White "Tenin, Aleksander"]
[Black "Hasson, Peter"]
[Result "0-1"]
[WhiteElo "2101"]
[BlackElo "1970"]
[PlyCount "122"]
[EventDate "2023.03.25"]
[WhiteTeam "War and Piece A"]
[BlackTeam "CSC/Kingston 2"]

1. e4 d6 2. d4 Nf6 3. Nc3 g6 4. Bf4 a6 5. Be2 Bg7 6. e5 Nfd7 7. Nf3 Nc6 8. exd6
cxd6 9. Qd2 O-O 10. Bh6 Nf6 11. d5 Nb8 12. h4 Bxh6 13. Qxh6 Ng4 14. Qd2 h5 15.
Nd4 Nf6 16. f3 Nbd7 17. g4 Qa5 18. Nb3 Qc7 19. gxh5 Nxh5 20. Rg1 Kh7 21. O-O-O
Ndf6 22. Bd3 e5 23. dxe6 Bxe6 24. Qg5 d5 25. Ne2 Rae8 26. Nbd4 Bc8 27. Rg2 Re5
28. Bxg6+ fxg6 29. Qxg6+ Kh8 30. Qh6+ Nh7 31. f4 Rf6 32. Rg6 Rxe2 33. Rxf6
Rxc2+ 34. Nxc2 N5xf6 35. Rd3 Bf5 36. Rc3 Qd7 37. Nd4 Be4 38. b3 Qg4 39. Kb2 Ng8
40. Qd6 Qxh4 41. Ne6 Qf6 42. Qe5 Bf5 43. Qxf6+ Nhxf6 44. Nd4 Bd7 45. Rc7 b5 46.
Nf3 Nh6 47. Ne5 Be8 48. Ra7 Nf5 49. Rxa6 Kg7 50. Ra7+ Kf8 51. Ka3 Nh5 52. Nd3
Ne7 53. Rc7 Kf7 54. Kb4 Ke6 55. Kc5 Nf6 56. Kb6 Nd7+ 57. Kb7 Kd6 58. a4 bxa4
59. bxa4 Bg6 60. Ne5 Nc5+ 61. Ka7 Kxc7 0-1

[Event "4NCL Division Four"]
[Site "Daventry, ENG"]
[Date "2023.03.25"]
[Round "7.53"]
[White "Wilson, Ewan"]
[Black "Nawalaniec, Adam"]
[Result "1-0"]
[WhiteElo "1998"]
[BlackElo "2092"]
[PlyCount "59"]
[EventDate "2023.03.25"]
[WhiteTeam "CSC/Kingston 2"]
[BlackTeam "War and Piece A"]

1. d4 c5 2. d5 e5 3. e4 d6 4. Bb5+ Nd7 5. a4 a6 6. Bxd7+ Bxd7 7. a5 Be7 8. Ne2
f5 9. exf5 Bxf5 10. Nd2 Nf6 11. Nc4 O-O 12. O-O Qe8 13. Ng3 Qg6 14. Ra3 Qf7 15.
Ne3 Rac8 16. f4 exf4 17. Rxf4 Qe8 18. Nexf5 Nd7 19. Rb3 Rb8 20. h4 Ne5 21. h5
Qf7 22. Nxe7+ Qxe7 23. Nf5 Qd7 24. Rg3 g6 25. Rf2 Kh8 26. Bh6 Rg8 27. Bg5 Rge8
28. Bf6+ Kg8 29. Nh6+ Kf8 30. Bxe5+ 1-0

[Event "4NCL Division Four"]
[Site "Daventry, ENG"]
[Date "2023.03.25"]
[Round "7.54"]
[White "Thurlow, Kevin J"]
[Black "Vachtfeidl, Petr"]
[Result "1/2-1/2"]
[WhiteElo "2028"]
[BlackElo "1892"]
[PlyCount "91"]
[EventDate "2023.03.25"]
[WhiteTeam "War and Piece A"]
[BlackTeam "CSC/Kingston 2"]

1. c4 e5 2. Nc3 Nf6 3. Nf3 Nc6 4. e3 Bb4 5. Qc2 Bxc3 6. Qxc3 Qe7 7. a3 d5 8.
cxd5 Nxd5 9. Qc2 e4 10. Ng1 Bf5 11. Bb5 O-O 12. Bxc6 bxc6 13. Ne2 c5 14. b3
Rab8 15. Bb2 Rb6 16. O-O Rfb8 17. Ng3 Bg6 18. Qc4 c6 19. b4 a5 20. Rfc1 Rb5 21.
Bc3 axb4 22. axb4 cxb4 23. Bb2 R5b6 24. Bd4 R6b7 25. Qxc6 Qd7 26. Rab1 b3 27.
Qxd7 Rxd7 28. Rxb3 Rbd8 29. h4 h6 30. Rb5 f6 31. Rbc5 Kf7 32. h5 Bh7 33. Ne2
Ke6 34. g4 f5 35. Rc6+ Kf7 36. gxf5 Bxf5 37. Ng3 Bh7 38. Kg2 Nf4+ 39. Kh2 Ne6
40. Bc3 Ng5 41. Ba5 Ra8 42. Rc7 Ra7 43. Nf1 Ne6 44. Rxd7+ Rxd7 45. Kg3 Rd5 46.
Bc3 1/2-1/2

[Event "4NCL Division Four"]
[Site "Daventry, ENG"]
[Date "2023.03.25"]
[Round "7.55"]
[White "Carter, John P"]
[Black "Tucker, David S"]
[Result "1-0"]
[WhiteElo "1756"]
[BlackElo "2009"]
[PlyCount "95"]
[EventDate "2023.03.25"]
[WhiteTeam "CSC/Kingston 2"]
[BlackTeam "War and Piece A"]

1. d4 c5 2. d5 Nf6 3. c4 g6 4. Nc3 Bg7 5. e4 d6 6. Bd3 O-O 7. h3 e6 8. Nge2
Nbd7 9. f4 exd5 10. cxd5 Re8 11. O-O c4 12. Bc2 Qb6+ 13. Qd4 Nxd5 14. Qxb6
N5xb6 15. Nb5 Rd8 16. Nxd6 Nc5 17. e5 Be6 18. Be3 Nbd7 19. Rad1 b6 20. Nc3 a6
21. Nd5 Bxd5 22. Rxd5 f6 23. Nxc4 fxe5 24. Rfd1 Rdc8 25. Bxc5 Rxc5 26. Rxd7
Rxc4 27. Bb3 b5 28. Rd8+ Rxd8 29. Rxd8+ Kf7 30. Bxc4+ bxc4 31. fxe5 Bxe5 32.
Rd7+ Ke6 33. Rd2 c3 34. bxc3 Bxc3 35. Rd3 Bb4 36. Kf1 a5 37. Ke2 h5 38. Kd1 Kf5
39. Ke2 g5 40. Rf3+ Ke4 41. Rf7 h4 42. Rf1 a4 43. Rb1 Bc3 44. a3 g4 45. hxg4
Kf4 46. Kd3 Ba5 47. Rb5 Be1 48. g5 1-0

[Event "4NCL Division Four"]
[Site "Daventry, ENG"]
[Date "2023.03.25"]
[Round "7.56"]
[White "Bradley, William"]
[Black "Grey, Nicholas D"]
[Result "1/2-1/2"]
[WhiteElo "1828"]
[BlackElo "1720"]
[PlyCount "121"]
[EventDate "2023.03.25"]
[WhiteTeam "War and Piece A"]
[BlackTeam "CSC/Kingston 2"]

1. e4 c5 2. Nc3 g6 3. f4 Bg7 4. Nf3 e6 5. Bc4 a6 6. a4 Nc6 7. O-O Nge7 8. d3
O-O 9. Ne2 d5 10. Bb3 b6 11. c3 Bb7 12. Ng3 b5 13. axb5 axb5 14. Rxa8 Bxa8 15.
Be3 c4 16. Bc2 b4 17. d4 b3 18. Bb1 Qa5 19. Nd2 f5 20. exf5 exf5 21. Nf3 Nd8
22. Ne5 Ne6 23. Nh1 Nc6 24. Nxc6 Bxc6 25. g4 Qd8 26. gxf5 gxf5 27. Ng3 Be8 28.
Nxf5 Bg6 29. Nxg7 Nxg7 30. Bxg6 hxg6 31. Qg4 Qf6 32. Qg5 Qxg5+ 33. fxg5 Rxf1+
34. Kxf1 Nf5 35. Bd2 Nd6 36. Ke2 Ne4 37. Be1 Nxg5 38. Ke3 Ne6 39. Kf3 Kf7 40.
Kg4 Ke8 41. h4 Ke7 42. Bg3 Kf7 43. Be5 Nd8 44. Bf4 Nc6 45. Be3 Na7 46. Kf4 Kf6
47. Bd2 Nb5 48. Be1 Nd6 49. Kg4 Ne4 50. Kf4 Nd6 51. Kg4 Nf5 52. Kf4 Ng7 53. Kg4
Nf5 54. Kf4 Nd6 55. Kg4 Nb5 56. Bd2 Ke6 57. Kg5 Kf7 58. Kf4 Kf6 59. Kg4 Na3 60.
Kf4 Nc2 61. Kg4 1/2-1/2

[Event "4NCL Division Four"]
[Site "Daventry, ENG"]
[Date "2023.03.25"]
[Round "7.61"]
[White "Eedle, Eric F"]
[Black "Pink, Joshua"]
[Result "1/2-1/2"]
[WhiteElo "1921"]
[BlackElo "1906"]
[PlyCount "99"]
[EventDate "2023.03.25"]
[WhiteTeam "Barnet Knights C"]
[BlackTeam "Coventry"]

1. d4 Nf6 2. c4 e6 3. Nc3 d5 4. cxd5 exd5 5. Bg5 Nbd7 6. e3 h6 7. Bh4 c6 8. Bd3
Bd6 9. Nf3 Qe7 10. Qc2 b5 11. O-O O-O 12. Rfe1 b4 13. Na4 g5 14. Bg3 Bxg3 15.
hxg3 Qd6 16. Rac1 Bb7 17. Nc5 Nxc5 18. Qxc5 Qxc5 19. Rxc5 Nd7 20. Rc2 f5 21.
Rec1 a5 22. Ne1 Rae8 23. Re2 f4 24. gxf4 gxf4 25. e4 dxe4 26. Rxe4 Rxe4 27.
Bxe4 Nf6 28. Bd3 Rd8 29. Nf3 Kg7 30. Re1 Rd7 31. Bf5 Rf7 32. Ne5 Re7 33. Rc1
Nd5 34. Rc5 a4 35. Nxc6 Bxc6 36. Rxc6 Re1+ 37. Kh2 Ne7 38. Re6 Rxe6 39. Bxe6
Kf6 40. Bd7 a3 41. bxa3 bxa3 42. Kh3 Nd5 43. Ba4 Nc3 44. Bb3 Ne2 45. d5 Ke5 46.
Kg4 Nd4 47. Bc4 Nf5 48. Bb3 Nd4 49. Bc4 Nf5 50. Bb3 1/2-1/2

[Event "4NCL Division Four"]
[Site "Daventry, ENG"]
[Date "2023.03.25"]
[Round "7.62"]
[White "Ireland, David J"]
[Black "Page, Thomas"]
[Result "0-1"]
[WhiteElo "1919"]
[BlackElo "1725"]
[PlyCount "52"]
[EventDate "2023.03.25"]
[WhiteTeam "Coventry"]
[BlackTeam "Barnet Knights C"]

1. e4 e6 2. c4 c5 3. Nf3 Nc6 4. d4 cxd4 5. Nxd4 Bb4+ 6. Nc3 Nf6 7. Nxc6 bxc6 8.
e5 Ne4 9. Qf3 Nxc3 10. bxc3 Qa5 11. cxb4 Qxe5+ 12. Be2 Qxa1 13. O-O Qxa2 14.
Bf4 O-O 15. Bd3 d5 16. Rc1 Bd7 17. Qh5 f5 18. cxd5 cxd5 19. Bd6 Rfc8 20. Rd1
Ba4 21. Rf1 Qd2 22. Qf3 Rc3 23. Qe2 Qxd3 24. Qxe6+ Kh8 25. h4 Re8 26. Qf7 Qxf1+
0-1

[Event "4NCL Division Four"]
[Site "Daventry, ENG"]
[Date "2023.03.25"]
[Round "7.63"]
[White "Bloom, Paul"]
[Black "Ward, Andrew"]
[Result "0-1"]
[WhiteElo "1756"]
[BlackElo "1832"]
[PlyCount "84"]
[EventDate "2023.03.25"]
[WhiteTeam "Barnet Knights C"]
[BlackTeam "Coventry"]

1. e4 e5 2. Nf3 Nc6 3. Bb5 a6 4. Ba4 Nf6 5. O-O b5 6. Bb3 Bc5 7. c3 d6 8. d4
Bb6 9. dxe5 Nxe5 10. Nxe5 dxe5 11. Qxd8+ Kxd8 12. Bg5 Ke7 13. Nd2 h6 14. Bh4 g5
15. Bg3 Nd7 16. Bd5 Rb8 17. Bc6 f6 18. Rad1 Nc5 19. Nb3 Bg4 20. Rd2 Rhd8 21.
Rxd8 Rxd8 22. Nxc5 Bxc5 23. Bd5 Be6 24. Bb7 Bxa2 25. h4 Rd2 26. b4 Bb6 27. Bxa6
Bc4 28. Rc1 Re2 29. Bb7 Bd3 30. Bc6 Kd6 31. Rd1 Kxc6 32. Rxd3 Rxe4 33. Rf3 gxh4
34. Rxf6+ Kd5 35. Bxe5 Kxe5 36. Rxh6 Rf4 37. Rh5+ Rf5 38. Rh8 Bxf2+ 39. Kh2
Bg3+ 40. Kh3 Kd5 41. Rd8+ Kc4 42. Kg4 Rd5 0-1

[Event "4NCL Division Four"]
[Site "Daventry, ENG"]
[Date "2023.03.25"]
[Round "7.64"]
[White "Goodwin, Ed H"]
[Black "Sezer, Steve"]
[Result "1-0"]
[WhiteElo "1811"]
[BlackElo "1499"]
[PlyCount "93"]
[EventDate "2023.03.25"]
[WhiteTeam "Coventry"]
[BlackTeam "Barnet Knights C"]

1. d4 d5 2. c4 e6 3. Nc3 Nf6 4. cxd5 Nxd5 5. e4 Nb6 6. Nf3 c5 7. Be3 cxd4 8.
Nxd4 Bc5 9. Nxe6 Qxd1+ 10. Rxd1 Bxe6 11. Bxc5 N8d7 12. Bxb6 Nxb6 13. Bb5+ Bd7
14. Bxd7+ Nxd7 15. O-O Nb6 16. g3 O-O 17. Rfe1 Rfe8 18. f3 a6 19. Kf2 Rac8 20.
Re2 Kf8 21. f4 Re6 22. Red2 Ke8 23. Nd5 Nc4 24. Re2 f6 25. b3 Nb6 26. Red2 Nd7
27. Kf3 Nc5 28. Rd4 Rec6 29. R4d2 Re6 30. Re2 Nd7 31. Ne3 Rc3 32. Rc2 Rxc2 33.
Nxc2 Nc5 34. Rd4 Rb6 35. Ne3 Ne6 36. Rc4 Rc6 37. Rxc6 bxc6 38. Nc2 Kd7 39. Ke3
Kd6 40. Nd4 Nxd4 41. Kxd4 a5 42. Kc4 h5 43. h3 g5 44. h4 g4 45. a4 Ke6 46. Kc5
Kd7 47. Kb6 1-0